Fundamentos del derecho procesal civil.

Na minha lista:
Detalhes bibliográficos
Autor principal: Couture, Eduardo Juan (autor)
Formato: Livro
Publicado em: Buenos Aires, Argentina: Depalma, 1958.
Edição:Tercera edición.
Assuntos:
Tags: Adicionar Tag
Sem tags, seja o primeiro a adicionar uma tag!

MARC

LEADER 00000nam a2200000 a 4500
001 UCV1362
003 CL-VaPUC
005 20220725105056.0
008 220725t1958 ||||| |||| 00| 0 eng d
999 |c 209339  |d 209337 
040 |c Pontificia Universidad Católica de Valparaíso 
082 0 4 |a 347 COU 1958  |2 21 
100 0 |a Couture, Eduardo Juan  |e autor  |9 295611 
245 1 0 |a Fundamentos del derecho procesal civil. 
250 |a Tercera edición. 
260 |a Buenos Aires, Argentina:  |b Depalma,  |c 1958. 
300 |a 524 páginas. 
500 |a c.4 Donación Familia Prof. Alejandro Guzmán Brito. 
583 |a last modification  |c 19900426 00:00:00  |k Rodrigo Vera 
650 0 |a Jurisdicción  |9 255090 
650 0 |a Procedimiento civil  |9 254870 
650 0 |a Prueba  |9 256247 
650 0 |a Recursos procesales  |9 255595 
650 0 |a Sentencias  |9 256250 
942 |c BK  |2 ddc 
952 |0 0  |1 0  |4 0  |6 347_000000000000000_COU_1958  |7 0  |8 A  |9 184681  |a BIBDER  |b BIBDER  |d 2019-11-14  |i 2519917  |l 6  |o 347 COU 1958  |p 2519917  |r 2023-07-03  |s 2023-07-03  |w 2019-11-14  |y BK  |k DER 
952 |0 0  |1 0  |4 0  |6 347_000000000000000_COU_1958  |7 0  |8 A  |9 184682  |a BIBDER  |b BIBDER  |d 2019-11-14  |i 2609495  |l 1  |o 347 COU 1958  |p 2609495  |r 2023-05-26  |s 2023-05-25  |w 2019-11-14  |y BK  |k DER 
952 |0 0  |1 0  |4 0  |6 347_000000000000000_COU_1958  |7 0  |8 A  |9 184683  |a BIBDER  |b BIBDER  |d 2019-11-14  |i 2519860  |l 1  |m 1  |o 347 COU 1958  |p 2519860  |r 2023-01-25  |s 2020-03-04  |w 2019-11-14  |y BK  |k DER